| 000 | 01030nam a2200229 i 4500 | ||
|---|---|---|---|
| 001 | 21071 | ||
| 003 | ES-MaACL | ||
| 005 | 20230906152419.0 | ||
| 007 | t| | ||
| 008 | 021121s1886 sp ||||1| spa d | ||
| 080 | _a582 | ||
| 100 | 1 |
_aAgelet y Casanoves, Ramón. _9176333 |
|
| 245 | 1 | 4 |
_aDiscurso leído en la Universidad Literaria de Santiago en la solemne inauguración del curso académico de 1886 a 1887 / _cpor el doctor D. Ramón Agelet Casanoves, catedrático de la Facultad de Farmacia. |
| 260 |
_aSantiago : _b[s.n.], _c1886 ( _fImp. de José M. Paredes.) |
||
| 300 |
_a76 p. ; _c30 cm. |
||
| 530 | _aDisponible en formato digital. | ||
| 594 | _aTema del discurso: Los progresos de la botánica en relación con los de la taxonomía (p. 10) | ||
| 650 | 4 |
_aPlantas- _xClasificación. _9136713 |
|
| 710 | 2 |
_aUniversidad Literaria de Santiago de Compostela. _9135006 |
|
| 852 | 4 |
_aES-MaACL _jT-447-F-9 |
|
| 856 | 4 |
_uhttp://hdl.handle.net/10347/28472 _zRepositorio Institucional da Universidade de Santiago de Compostela |
|
| 999 |
_c21071 _d21071 |
||